Elementary particles - Statistics

General Stats
  • This quiz has been taken 22 times
  • The average score is 14 of 17
Answer Stats
Answer % Correct
Electron
100%
Gluon
95%
Down
89%
Higgs
89%
Strange
89%
Up
89%
Charm
84%
Bottom
79%
Tau
79%
Top
79%
Z boson
79%
Photon
74%
W boson
74%
Electron neutrino
68%
Muon
68%
Tau neutrino
68%
Muon neutrino
47%
No matching quizzes found
Score Distribution
Percent of People with Each Score
Percentile by Number Answered
Your Score History
You have not taken this quiz